00901nam a2200193Ia 4500008004100000020001500041050002300056082002200079100002600101240002700127245008300154250001800237260004300255300004600298500005800344505024400402650002500646700003600671120629s2002 mx a 000 0 spa d a9706861238 aQA303 bA7518 2002 a515.7bS849c 20021 aStewart, Jameseautor aMultivariable Calculus aCálculo. Multivariablec / James Stewart ; traducción Jorge Humberto Romo a4a. edición aAustralia b: Thomson Learningc, 2002 axxiv, 641-1151 páginasb: ilustraciones aIncluye: Apéndices, índice y tablas de integrales aEcuaciones paramétricas y coordenadas polares Sucesiones y series infinitas Vectores y geometría del espacio Funciones vectoriales Derivadas parciales Integrales múltiples Cálculo vectorial Ecuaciones diferenciales de segundo orden14aCALCULOxMATEMATICAS aRomo, Jorge Humbertoetraductor